000 02314cam a22004934i 4500
003 PE-LiUPU
005 20250731165515.0
008 150623s r 000 0 d
020 _a9972922618
035 _a(Sirsi) i9789972922619
040 _aPE-LiUPU
_bspa
_cPE-LiUPU
_erda
049 _aPRUA
082 0 4 _a001.4
_bC13
_221
100 1 _aCaballero Romero, Alejandro E.,
_eautor.
245 1 0 _aMetodología de la investigación científica :
_bdiseños con hipótesis explicativas /
_cAlejandro E. Caballero Romero.
264 1 _aLima, Perú :
_bUdegráficos,
_c2000.
300 _a296 páginas :
_bilustraciones, cuadros, gráficos ;
_c21 centímetros
336 _atext
_2rdacontent
337 _aunmediated
_2rdamedia
338 _avolume
_2rdacarrier
504 _aIncluye bibliografía.
505 0 _aLo que hacemos en las entidades y las ayudas metodológicas más adecuadas. -Las funciones dl pensar y la investigación. -La realidad en la que hacemos investidación. -Investigación científica, supuestos, presupuestos y otros aspectos generales. -Métodos. -El problema nuevo para la ciencia. -El marco referencial o patrón comparativo de una investigación científica. -Los objetivos de una investigación científica. -Las hipótesis de una investigación científica explicativa. -Factores y variables de una investigación científica. -El diseño de la ejecución de una investigación científica. -¿Cómo determinar, tentativamente, la estructura que tendrá el informe final de una investigación científica o tésis?.
526 _aSEG44
526 _aSEG26
526 _aP151
526 _aP150
526 _aP149
526 _aP146
526 _aP145
526 _aP126
526 _aP125
526 _aP92
526 _aP75
526 _aP74
526 _aP27
526 _aP15
650 0 4 _aInvestigación
_xMetodología.
942 _2ddc
_cBOOK
949 _a001.4 C13
_wDEWEY
_c1
_i49292
_lCCODEBUL1
_mBUL
_r0
_sY
_tBOOK
_u2015-6-24
_xEDUCACION
_zUNKNOWN
_0COMPRA
_o.STAFF. Colección General
994 _aC0
_bPEPRU
596 _a1
999 _a001.4 C13
_wDEWEY
_c28559
_i49292
_f2021-11-4
_g5
_lCCODEBUL1
_mBUL
_r0
_sY
_tBOOK
_u2015-6-24
_xBIBLIOTECA
_zUNKNOWN
_0COMPRA
_o.STAFF. Colección General
_d28559
980 _81
_gALBERTO SANCHEZ Responsable de Automatización